Canadian Universities by Location - Statistics

General Stats
  • This quiz has been taken 10 times
  • The average score is 41 of 74
Answers on the Map
Answers color-coded by a green-red scale on the quiz's map according to % correct below.
 
Answer Stats
Answer % Correct
Athabasca University
100%
University of Alberta
100%
University of Calgary
100%
University of Prince Edward Island
100%
University of Toronto
100%
Western University
100%
York University
100%
Concordia University
89%
Dalhousie University
89%
McMaster University
89%
Memorial University of Newfoundland
89%
Université Laval
89%
University of British Columbia
89%
University of Manitoba
89%
University of New Brunswick
89%
University of Regina
89%
University of Saskatchewan
89%
University of Victoria
89%
University of Waterloo
89%
University of Windsor
89%
University of Winnipeg
89%
Queen's University
78%
Toronto Metropolitan University
78%
Université de Montréal
78%
Université du Québec
78%
University of Guelph
78%
University of Ottawa
78%
Wilfred Laurier University
78%
Brandon University
67%
Brock University
67%
Concordia University of Edmonton
67%
Laurentian University
67%
Simon Fraser University
67%
Université de Moncton
67%
Université de Sherbrooke
67%
Bishop's University
56%
Carleton University
56%
Lakehead University
56%
McGill University
56%
Ontario Tech University
56%
Acadia University
44%
Mount Allison University
44%
Nipissing University
44%
St. Francis Xavier University
44%
Trent University
44%
University of Lethbridge
44%
University of Northern British Columbia
44%
Vancouver Island University
44%
Algoma University
33%
Cape Breton University
33%
Mount Royal University
33%
OCAD University
33%
Royal Roads University
33%
Université de Sudbury
33%
Yukon University
33%
Capilano University
22%
Emily Carr University
22%
Kwantlen Polytechnic University
22%
MacEwan University
22%
Saint Mary's University
22%
St. Mary's University
22%
Thompson Rivers University
22%
University of the Fraser Valley
22%
Canadian Mennonite University
11%
First Nations University of Canada
11%
Mount Saint Vincent University
11%
NSCAD University
11%
Redeemer University
11%
St. Thomas University
11%
The King's University
11%
Trinity Western University
11%
Université Sainte-Anne
11%
University of King's College
11%
Université de Saint-Boniface
0%
No matching quizzes found
Score Distribution
Percent of People with Each Score
Percentile by Number Answered
Your Score History
You have not taken this quiz